NHBC launches building near trees guidelines (Record no. 72543)
[ view plain ]
| 000 -LEADER | |
|---|---|
| fixed length control field | 00796cam a2200193 4500 |
| 001 - CONTROL NUMBER | |
| control field | WB3915-02 |
| 008 - FIXED-LENGTH DATA ELEMENTS--GENERAL INFORMATION | |
| fixed length control field | 030424n2003 000 0 eng u |
| 035 ## - SYSTEM CONTROL NUMBER | |
| System control number | (Sirsi) u122086 |
| 245 ## - TITLE STATEMENT | |
| Title | NHBC launches building near trees guidelines |
| 260 ## - PUBLICATION, DISTRIBUTION, ETC. | |
| Date of publication, distribution, etc. | 2003 |
| 490 ## - SERIES STATEMENT | |
| Series statement | NHBC News Release |
| Volume/sequential designation | 3 April 2003 (1) |
| 520 ## - SUMMARY, ETC. | |
| Summary, etc. | The National House Building Council has revised the "Building near trees" standard, which incorporates the latest research into soil and ground engineering. It will be effective from 1 July 2003. Further information is available from t +44 (0)1494 735363 http://www.nhbc.co.uk/index3.asp?page=press&subs=current&col=blue2 |
| 590 ## - LOCAL NOTE (RLIN) | |
| Local note | WB |
| 650 ## - SUBJECT ADDED ENTRY--TOPICAL TERM | |
| Topical term or geographic name entry element | TREES |
| 650 ## - SUBJECT ADDED ENTRY--TOPICAL TERM | |
| Topical term or geographic name entry element | SOIL ENGINEERING |
| 650 ## - SUBJECT ADDED ENTRY--TOPICAL TERM | |
| Topical term or geographic name entry element | GROUND ENGINEERING |
| 690 ## - LOCAL SUBJECT ADDED ENTRY--TOPICAL TERM (OCLC, RLIN) | |
| Topical term or geographic name as entry element | BUILT ENVIRONMENT |
| 942 ## - ADDED ENTRY ELEMENTS (KOHA) | |
| Suppress in OPAC | 0 |
| Withdrawn status | Lost status | Source of classification or shelving scheme | Damaged status | Not for loan | Home library | Current library | Shelving location | Date acquired | Total Checkouts | Full call number | Barcode | Date last seen | Copy number | Price effective from | Koha item type |
|---|---|---|---|---|---|---|---|---|---|---|---|---|---|---|---|
| Dewey Decimal Classification | London | London | News article | 24/04/2003 | WB3915-02 | 122086-1001 | 06/08/2019 | 1 | 06/08/2019 | News article |